| 000 | 00464nam a2200169Ia 4500 | ||
|---|---|---|---|
| 999 |
_c20052 _d20052 |
||
| 003 | OSt | ||
| 005 | 20200706115353.0 | ||
| 008 | 190216s9999||||xx |||||||||||||| ||und|| | ||
| 020 | _a0715607200 | ||
| 040 | _coclc | ||
| 082 |
_a944.008 _bCOB/T |
||
| 100 |
_aCobb, Richard _93555 |
||
| 245 | 0 |
_aTour De France / _cRichard Cobb |
|
| 260 |
_bDuck Worth, _c1976. _aLondon: |
||
| 300 | _a216p | ||
| 942 |
_cBK _2ddc _h944.008 _iCOB/T _k944.008 _mCOB/T |
||